| 000 | 00457nam a2200169 a 4500 | ||
|---|---|---|---|
| 005 | 20140310183436.0 | ||
| 008 | 080304s19uu xx 00 eng d | ||
| 020 | _a0671041630 | ||
| 050 |
_aPZ 7 _b.Al374 2000 |
||
| 100 | _aAlexander, Brandon | ||
| 245 |
_aCharmed: kiss of darkness. _cBrandon Alexander |
||
| 260 |
_aNew York : _bParachute Press Book, _c2000. |
||
| 300 |
_a182 p. : _c18 cm. |
||
| 650 | _aFiction. | ||
| 942 |
_cBK _2lcc |
||
| 999 |
_c22918 _d22918 |
||